000 01133naa a22003497a 4500
001 BR8105308
003 BR-BrBNA
005 20240918174835.0
007 ta
008 230509b bl.||||| |||| 00| 0 por d
040 _aBR-BrBNA
_bpor
_cBiblioteca Nacional de Agricultura
041 _a(Pt)
072 _aF00; F25
_b1112
_b3840
_bG514
090 _aF00 BR8105308
100 1 _aCavalcante, A.T.
100 1 _aMoura, R.J.M. de
100 1 _aMaaze, U.C.
100 1 _aReis, O.V. dos
245 1 _aEspacamento, adubacao e calagem em bananeira prata (planta mae)[Musa spp., Pernambuco, Brasil]
260 3 _aRecife, PE (Brasil):
_c1981.
500 _aAtuacao do IPA no ambito do POLONORDESTE Recife, PE (Brasil): 1981. v. 1 p. 28-31 (BR8105308-AM)F00
650 _aBANANA PRATA
650 _aESPACAMENTO
650 _aADUBACAO
650 _aCALAGEM
650 _aCALCARIO DOLOMITICO
650 _aRENDIMENTO
650 _aPERNAMBUCO
773 0 _tAtuacao do IPA no ambito do POLONORDESTE
_wF00 BR8105308
_gRecife, PE (Brasil), 1981. v. 1 p. 28-31
909 _a202404
_bLucia
_c55
_dLucia Elande
942 _cAM
_2AGRIS
999 _c313941
_d313941